Ellie Featherbill all alone #3 / Daisy Meadows.
Available copies
- 0 of 1 copy available at LARL/NWRL Consortium.
- 0 of 1 copy available at Lake Agassiz Regional Library. (Show preferred library)
Current holds
0 current holds with 1 total copy.
Show Only Available Copies
| Location | Call Number / Copy Notes | Barcode | Shelving Location | Status | Due Date |
|---|---|---|---|---|---|
| Moorhead Public Library | J MEA (Text) | 33500012127858 | Main | Checked out | 07/07/2026 |
Record details
- ISBN: 9780545686464 (paperback)
- ISBN: 0545686466 (paperback)
- Physical Description: 95 pages : illustrations, map ; 20 cm.
- Edition: First printing.
- Publisher: New York : Scholastic, Inc., 2015.
- Copyright: ©2014
Content descriptions
| Summary, etc.: | Jess and Lily visit Friendship Forest to celebrate ... Read More |
| Target Audience Note: | 3. 2-3. |
Search for related items by subject
Search for related items by series
| LDR | 01750cam a2200421Ii 4500 | ||
|---|---|---|---|
| 001 | 188147 | ||
| 003 | LARL_NWRL_CONSORTIUM | ||
| 005 | 20150819114554.0 | ||
| 008 | 141024t20152014nyuab b 000 1 eng d | ||
| 020 | . | ‡a9780545686464 (paperback) | |
| 020 | . | ‡a0545686466 (paperback) | |
| 035 | . | ‡a(OCoLC)893709728 | |
| 082 | 0 | 4. | ‡a[Fic] ‡223 |
| 100 | 1 | . | ‡aMeadows, Daisy, ‡eauthor. ‡0(LARL_NWRL_CONSORTIUM)201962 |
| 245 | 1 | 0. | ‡aEllie Featherbill all alone ‡n#3 / ‡cDaisy Meadows. |
| 246 | 3 | . | ‡aEllie Feather Bill all alone |
| 250 | . | ‡aFirst printing. | |
| 264 | 1. | ‡aNew York : ‡bScholastic, Inc., ‡c2015. | |
| 264 | 4. | ‡c©2014 | |
| 300 | . | ‡a95 pages : ‡billustrations, map ; ‡c20 cm. | |
| 336 | . | ‡atext ‡btxt ‡2rdacontent | |
| 337 | . | ‡aunmediated ‡bn ‡2rdamedia | |
| 338 | . | ‡avolume ‡bnc ‡2rdacarrier | |
| 490 | 0 | . | ‡aMagic animal friends ; ‡v3 |
| 520 | . | ‡aJess and Lily visit Friendship Forest to celebrate Ellie Featherbill's birthday, but must first foil the evil witch Grizelda's plans to poison the river and put the duckling in danger. | |
| 521 | 0 | . | ‡a3. |
| 521 | 2 | . | ‡a2-3. |
| 650 | 0. | ‡aJess (Fictitious character : Meadows) ‡vJuvenile fiction. | |
| 650 | 0. | ‡aLily (Fictitious character : Meadows) ‡vJuvenile fiction. | |
| 650 | 0. | ‡aDucklings ‡vJuvenile fiction. | |
| 650 | 0. | ‡aWitches ‡vJuvenile fiction. ‡0(LARL_NWRL_CONSORTIUM)168005 | |
| 650 | 0. | ‡aMagic ‡vJuvenile fiction. ‡0(LARL_NWRL_CONSORTIUM)165990 | |
| 650 | 0. | ‡aAnimals ‡vJuvenile fiction. ‡0(LARL_NWRL_CONSORTIUM)162061 | |
| 901 | . | ‡a188147 ‡bOCLC ‡c188147 ‡tbiblio | |

Add to basket
Permalink
Disable Highlighting